000 00622nam a2200229Ia 4500
003 OSt
005 20220918230854.0
006 a|||||r|||| 00| 0
007 ta
008 220917b |||||||| |||| 00| 0 eng d
024 _a261,207
037 _cTextual
040 _aARTS
_cARTS
_beng
041 _2eng
_aeng
082 _aWz7, K7;1
100 _aCharlesworth James C Ed.
_9153441
245 0 _aContemporarypolitical analysis
260 _aNew York
_bThe Free Press
_c1967
650 _aPOLITICAL SCIENCE
942 _hWz7, K7;1
_cTEXL
_2CC
999 _c289200
_d289200